000 00688na a2200241 4500
001 20407
003 MIRAKIL
005 20181213155235.0
008 170119b tu 000 0
035 _a20407
040 _aMilas
_btur
_cTR-AnCHP
041 _atur
082 _a320.9561
_bT96 2008
090 _a320.9561 T96 2008
245 _aTürkiye sorunları
_cYayına hazırlayan Ali Nejat Ölçen
260 _aAnkara
_c2008
_fPlaka Matbaacılık
300 _a63 s.
_c19 sm.
490 _aÖzel Sayı
_v73
610 _aTürkiye Sorunları Dergisi
_xSüreli yayınlar
650 _aSiyaset ve yönetim
_xSorunlar
_zTürkiye
700 _aÖlçen, Ali Nejat
942 _2ddc
_cBKS
999 _c9112
_d9112